| 000 | 00440cam a2200181 4500 | ||
|---|---|---|---|
| 001 | D3647 | ||
| 008 | 090401t1981 xxu||||| |||| 00| 0 eng d | ||
| 035 | _a(Sirsi) u74296 | ||
| 041 | _aeng | ||
| 050 | _a692.9 | ||
| 110 |
_aFaculty of Architects and Surveyors _9394 |
||
| 245 | _aSub-contract.November 1981 edition | ||
| 260 |
_aChippenham Wilts _bFAS _c1981 |
||
| 300 | _a19p. 30cm | ||
| 350 | _a4 | ||
| 942 | _n0 | ||
| 948 | _c04/03/1997 | ||
| 999 |
_c95803 _d95803 |
||